Rozpoznaj kluby piłkarskie z rozsypanych liter - Statystyki

Ogólne statystyki
  • Ten quiz został rozwiązany 335 razy
  • Średni wynik to 6 z 10
Statystyki odpowiedzi
Litery Klub % Poprawnych
BROSASUI TRUDMOND Borussia Dortmund
87%
GLTSRYAAAAA Galatasaray
87%
ASEHCEL Chelsea
67%
CAFNEIB Benfica
65%
YOPQIEUML YNOL Olympique Lyon
65%
CRELABNOA Barcelona
62%
PANOIL Napoli
62%
APANITKANSOHI Panathinaikos
48%
LOLJGAEIINA Jagiellonia
47%
CTHANDRELE Anderlecht
35%
Nie znaleziono quizów pasujących do podanych kryteriów
Rozkład punktacji
Procent ludzi z każdym wynikiem
Percentyl według liczby udzielonych odpowiedzi
Twoja historia wyników
Nie rozwiązałeś tego quizu